Itä-Aasian saaria kartalla - Statistics

Yleistilastot
  • Tätä visaa on pelattu 655 kertaa
  • Keskiarvotulos 5 / 10
Vastaukset kartalla
Vastauksille on annettu kartalla punavihreä väri sen mukaan, kuinka moni on saanut sen oikein.
 
Vastaustilastot
Saari % Oikein
Taiwan
93%
Hokkaidō
69%
Honshū
61%
Hongkong
59%
Shikoku
38%
Kyūshū
37%
Okinawa
35%
Hainan
34%
Sahalin
31%
Jeju
24%
Ehtoja vastaavia visoja ei löytynyt
Tulosjakauma
Jokaisen tuloksen saaneiden osuus
Persentiili vastausten määrän mukaan
Tuloshistoriasi
Et ole pelannut tätä visaa